|
LDR
| 01005cam a2200277 a 4500 |
|---|
| 001 | 121762 |
|---|
| 003 | CONS |
|---|
| 005 | 20140703075958.0 |
|---|
| 008 | 030806s2003 nyu 000 0 eng |
|---|
| 010 | | . |
‡a 2003060263 |
|---|
| 020 | | . |
‡a0743249372 |
|---|
| 035 | | . |
‡a(CPomAG)LMN470581 |
|---|
| 043 | | . |
‡an-us-ca |
|---|
| 050 | 0 | 0. |
‡aPS3553.L278
‡bP67 2003 |
|---|
| 082 | 0 | 0. |
‡a813/.54
‡222 |
|---|
| 100 | 1 | . |
‡aClark, Carol Higgins. |
|---|
| 245 | 1 | 0. |
‡aPopped :
‡ba Regan Reilly mystery /
‡cCarol Higgins Clark. |
|---|
| 260 | | . |
‡aNew York :
‡bScribner,
‡cc2003. |
|---|
| 300 | | . |
‡a272 pages ;
‡c24 cm. |
|---|
| 650 | | 0. |
‡aReilly, Regan (Fictitious character). |
|---|
| 650 | | 0. |
‡aWomen private investigators
‡zCalifornia
‡zLos Angeles
‡vFiction. |
|---|
| 651 | | 0. |
‡aLos Angeles (Calif.)
‡vFiction. |
|---|
| 655 | | 7. |
‡aMystery fiction.
‡2gsafd |
|---|
| 856 | 4 | 2. |
‡3Publisher description
‡uhttp://www.loc.gov/catdir/description/simon041/2003060263.html
‡zPublisher description |
|---|
| 959 | | . |
‡i32269000687544
‡lF Cla
‡aAdult - Fiction
‡tFiction
‡g23.00 |
|---|
| 852 | | . |
‡p32269000687544
‡jF Cla
‡gAdult - Fiction
‡cFiction
‡y23.00
‡bSBPL |
|---|
| 901 | | . |
‡a121762
‡bUnknown
‡c121762
‡tbiblio |
|---|